000
00253nam a2200133Ia 4500
100
_a
Westermann
650
_a
Chemistry
942
_c
BK
245
_a
Metal Tables
260
_b
none
_c
2001
082
_a
620.1
_b
WES
546
_a
ENGLISH
999
_c
20204
_d
20204